Normal view
MARC view
Entry Término temático
001 - NÚMERO DE CONTROL
- campo de control: 82194
003 - IDENTIFICADOR DEL NÚMERO DE CONTROL
- campo de control: DO-SdBNP
005 - FECHA Y HORA DE LA ÚLTIMA TRANSACCIÓN
- campo de control: 20220818112423.0
008 - DATOS DE LONGITUD FIJA
- campo de control de longitud fija: 220818|| aca||aabn | a|a d
040 ## - FUENTE DE LA CATALOGACIÓN
- Centro catalogador/agencia de origen: DO-SdBNP
- Centro/agencia transcriptor: DO-SdBNP
150 ## - ENCABEZAMIENTO--TÉRMINO DE MATERIA
- Término de materia o nombre geográfico como elemento de entrada: Dios
- Subdivisión general: Citas, máximas, etc
670 ## - FUENTE DE DATOS ENCONTRADOS
- Cita de la fuente: Work cat.: (DO-SdBNP)29306: Valdez Almonte, Victor A. 56567, Poemas, pensamientos y reflexión sobre el conocimiento de Dios. /, [20--?].
